Komunikasi untuk pemimpin

Bibliographic Details
Main Author: ABDULLAH Hassan 1942-
Other Authors: Ainon Mohd. , 1950-
Format: Book
Published: Kuala Lumpur : Utusan Pub. , 1997
Subjects:

MARC

LEADER 00000cam a2200000 7i4500
001 0000000010
005 20000622.0
020 0 0 |a 967610826x 
090 0 0 |a 302.2   |b ABD 1997 
100 0 0 |a ABDULLAH Hassan   |c 1942- 
245 1 0 |a Komunikasi untuk pemimpin   |c Abdullah Hassan, Ainon Mohd 
260 0 0 |a Kuala Lumpur :   |b Utusan Pub. ,   |c 1997 
300 |a vi,282 p. ;   |c 22 cm. 
650 0 0 |a Communication 
650 0 0 |a Comunication in management 
650 0 0 |a Comunication models 
700 0 1 |a Ainon Mohd. ,   |c 1950- 
999 |a 0000000952   |b Monograph   |c Open Shelf   |e Default branch